| 000 | 01003cam a2200229 4500 | ||
|---|---|---|---|
| 001 | ABS62390 | ||
| 008 | 000000n2000 000 0 eng u | ||
| 035 | _a(Sirsi) u106059 | ||
| 100 | _aFenn, P. | ||
| 245 | _aBats and construction | ||
| 260 | _c2000 | ||
| 490 |
_aConstruction Information Quarterly _v2(1) 2000, 20-24(5) |
||
| 520 | _aExamines the legal protection afforded to bats and their roosts which means that any alteration to an existing building has the potential to cause disturbance. This article describes the legislation, reviews bats natural history relevant to construction, outlines the detection techniques available and bat friendly construction techniques. Includes a list of species of bats, their distribution and roost locations. | ||
| 590 | _aABS | ||
| 650 | _aBATS | ||
| 650 | _aWILDLIFE AND COUNTRYSIDE ACT 1981 | ||
| 650 | _aEC HABITATS AND SPECIES DIRECTIVE | ||
| 650 | _aBAT ROOSTS | ||
| 650 | _aHABITAT | ||
| 690 | _aRURAL-NATURE CONSERVATION | ||
| 942 | _n0 | ||
| 999 |
_c63531 _d63531 |
||